00410nam a22001457a 4500003000400000005001700004008004100021020002200062040002300084050001200107082001200119100002000131245006500151260004800216OSt20211224092633.0211224b |||||||| |||| 00| 0 eng d a974-0-471-32241-2 cHawassa university a664/SHA a664/SHA aSharma shri k, aFood process engineering theory and laboratory experiments  aNew yorkbA john willey & sons, incc2000